000 00407nam a22001577a 4500
003 OSt
008 250610b |||||||| |||| 00| 0 eng d
020 _a8123908946
082 _a620.1
_bGER/ME
100 _aGere, James, M
_992
100 _aTimoshenko,Stephen,P
_9534
245 _aMechanics of materials
250 _a2
260 _aNew Delhi
_bCBS Publishers & Distributors Pvt. Ltd.
_c2004
942 _cBK
999 _c14100
_d14100